ARRUPE JESUIT UNIVERSITY

CORONAVIRUS -STOP THE SPREAD - CLEAN,DISINFECT,COVER

Seeking shelter : (Record no. 128432)

MARC details
000 -LEADER
fixed length control field 01048nam a2200301 a 4500
001 - CONTROL NUMBER
control field 631603
003 - CONTROL NUMBER IDENTIFIER
control field ARRUPE
005 - DATE AND TIME OF LATEST TRANSACTION
control field 20181023111430.0
008 - FIXED-LENGTH DATA ELEMENTS--GENERAL INFORMATION
fixed length control field 920707s1987 nyuaf b 000 0 eng
010 ## - LIBRARY OF CONGRESS CONTROL NUMBER
LC control number 92929508
040 ## - CATALOGING SOURCE
Original cataloging agency DLC
Transcribing agency DLC
043 ## - GEOGRAPHIC AREA CODE
Geographic area code a-cb---
-- a-th---
050 00 - LIBRARY OF CONGRESS CALL NUMBER
Classification number HV640.5.C35
Item number S451 1987
300 ## - PHYSICAL DESCRIPTION
Other physical details ill. ;
Dimensions 23 cm.
110 2# - MAIN ENTRY--CORPORATE NAME
Corporate name or jurisdiction name as entry element Lawyers Committee for Human Rights (U.S.)
9 (RLIN) 43083
245 10 - TITLE STATEMENT
Title Seeking shelter :
Remainder of title Cambodians in Thailand : a report on human rights.
Statement of responsibility, etc Lawyers Committee for Human Rights (U.S.)
260 ## - PUBLICATION, DISTRIBUTION, ETC. (IMPRINT)
Place of publication, distribution, etc New York :
Name of publisher, distributor, etc Lawyers Committee for Human Rights,
Date of publication, distribution, etc c1987.
300 ## - PHYSICAL DESCRIPTION
Extent ii, 106, 8 p., [8] p. of plates :
500 ## - GENERAL NOTE
General note Includes bibliographical references.
650 #0 - SUBJECT ADDED ENTRY--TOPICAL TERM
Topical term or geographic name as entry element Refugees
Geographic subdivision Cambodia.
9 (RLIN) 42918
650 #0 - SUBJECT ADDED ENTRY--TOPICAL TERM
Topical term or geographic name as entry element Refugees
Geographic subdivision Thailand.
9 (RLIN) 43084
650 #0 - SUBJECT ADDED ENTRY--TOPICAL TERM
Topical term or geographic name as entry element Cambodians
Geographic subdivision Thailand.
9 (RLIN) 43085
650 #0 - SUBJECT ADDED ENTRY--TOPICAL TERM
Topical term or geographic name as entry element Refugee camps
Geographic subdivision Thailand.
9 (RLIN) 43086
740 0# - ADDED ENTRY--UNCONTROLLED RELATED/ANALYTICAL TITLE
Uncontrolled related/analytical title Cambodians in Thailand.
906 ## - LOCAL DATA ELEMENT F, LDF (RLIN)
a 7
b cbc
c orignew
d 3
e ncip
f 19
g y-gencatlg
942 ## - ADDED ENTRY ELEMENTS (KOHA)
Source of classification or shelving scheme Library of Congress Classification
Koha item type Monograph ( Printed materials)
Holdings
Withdrawn status Lost status Source of classification or shelving scheme Damaged status Not for loan Collection code Home library Current library Shelving location Date acquired Total Checkouts Full call number Barcode Date last seen Price effective from Koha item type
    Library of Congress Classification     Main Collection ARRUPE LIBRARY ARRUPE LIBRARY Main Collection 23/10/2018   HV640.5.C35 S451 1987 46600002979 23/10/2018 23/10/2018 Monograph ( Printed materials)

 

Arrupe Library. PO Box MP320 Mt Pleasant, Harare, Zimbabwe
263 242 745411|librarian@aju.ac.zw